| 000 | 00638nam a2200217Ia 4500 | ||
|---|---|---|---|
| 005 | 20260429112009.0 | ||
| 008 | 260429s9999||||xx |||||||||||||| ||und|| | ||
| 020 | _a9781032353548 | ||
| 041 | _aEnglish | ||
| 082 |
_a371.9 _bNOR |
||
| 100 | _aNorwich, Brahm | ||
| 245 | 0 |
_aAddressing tensions and dilemmas in inclusive education : _bresolving democratically / _cBrahm Norwich |
|
| 250 | _a2nd ed. | ||
| 260 |
_aNew Delhi : _bRoutledge, _c2024. |
||
| 300 | _aix, 248 p.; pbk | ||
| 650 | _a Democratic education | ||
| 650 | _a Educational equality | ||
| 650 | _a Special education | ||
| 650 | _aInclusive education | ||
| 942 | _cTB | ||
| 999 |
_c51806 _d51806 |
||